000 01077nam a2200265Ia 4500
003 OSt
005 20200826142257.0
008 191128s2013 ck gr 000 0 spa d
020 _a9789589482759
040 _aCo-JMCR
_cCo-JMCR
041 0 _aspa
082 0 4 _a370.115 /
_bT693r
_223
100 1 _aTorres Carrillo, Alfonso,
_eautor
_99287
245 1 3 _aEl Retorno a la Comunidad:
_bproblemas, debates y desafíos de vivir juntos /
_cAlfonso Torres Carrillo
250 _aPrimera edición
260 _aBogotá :
_bFundación Centro Internacional de Educación Humano, Editorial Búho,
_c2013.
300 _a237 páginas ;
_c22 cm.
490 0 _aColección niñez, juventud y familia
504 _aBibliografía : páginas 225-237.
505 0 _aLa comunidad como campo problemático -- La comunidad en la tradición sociológica moderna -- La crítica comunista al liberalismo y su concepto de comunidad -- La comunidad en sospecha
650 2 4 _aComunidades
_99288
650 2 4 _aDesarrollo comunitario
_99289
650 2 4 _aVida comunitaria
_99290
942 _2ddc
_cBK
999 _c4629
_d4629